Szerzői estek

Elmentve itt :
Bibliográfiai részletek
További közreműködők: Kelemen János
Dokumentumtípus: Cikk
Megjelent: 1966
Sorozat:Tiszatáj 20 No. 5
Kulcsszavak:Irodalmi élet - Szeged - 1966
Online Access:http://tiszataj.bibl.u-szeged.hu/4139
LEADER 00539nab a2200181 i 4500
001 tisza4139
005 20200330123810.0
008 170327s1966 hu o 0|| hun d
022 |a 0133-1167 
040 |a SZTE Tiszatáj Archívum  |b hun 
041 |a hun 
245 0 0 |a Szerzői estek  |h [elektronikus dokumentum] 
260 |c 1966 
300 |a 423 
490 0 |a Tiszatáj  |v 20 No. 5 
695 |a Irodalmi élet - Szeged - 1966 
700 0 1 |a Kelemen János 
856 4 0 |u http://tiszataj.bibl.u-szeged.hu/4139/1/tiszataj_1966_005_423.pdf  |z Dokumentum-elérés